000 00603nam a2200229 a 4500
001 BRCA_6968
005 20190320205649.0
008 221111s1950----u--ab#####---#000-0#eng-#
041 _aeng
044 _au
050 4 _aGA201
_b.B76 1950
100 1 _aBrown, Lloyd Arnold
_917358
245 1 0 _aThe story of maps
_cLloyd A. Brown.
260 _aBoston
_bLittle, Brown and Company
_c1950
300 _a397 p.
_bil., mapas
_c26 cm.
500 _aIncluye índice alfabético
500 _aO201
504 _aBibliografía : p. [341]-373
650 1 4 _aMapas
_910484
902 _aGFM
942 _2lcc
_cB
999 _c6649
_d6649